书目信息 |
| 题名: |
课程与教学的基本原理= Basic principles of curriculum and instruction
|
|
| 作者: | 拉尔夫·泰勒著 ;罗康 , 张阅 译 | |
| 分册: | ||
| 出版信息: | 北京 中国轻工业出版社 2021.03 |
|
| 页数: | 263页 | |
| 开本: | 20cm | |
| 丛书名: | ||
| 单 册: | ||
| 中图分类: | G423 | |
| 科图分类: | ||
| 主题词: | 教学理论 | |
| 电子资源: | ||
| ISBN: | 7-5019-9456-0 | |
| 000 | 00819nam0 2200217 450 | |
| 001 | 2130611131 | |
| 005 | 20211018083318.69 | |
| 010 | @a7-5019-9456-0@dCNY42.00 | |
| 100 | @a20211018d2021 km y0chiy0120 ea | |
| 101 | 0 | @achi |
| 102 | @aCN@b110000 | |
| 200 | 1 | @a课程与教学的基本原理= Basic principles of curriculum and instruction@AKe Cheng Yu Jiao Xue De Ji Ben Yuan Li=Basic principles of curriculum and instruction@f(美) 拉尔夫·泰勒著 ; 罗康, 张阅译@F(Mei)La Er Fu·Tai Le Zhu;Luo Kang,Zhang Yue Yi |
| 210 | @a北京@c中国轻工业出版社@d2021.03 | |
| 215 | @a263页@d20cm | |
| 606 | 0 | @a教学理论 |
| 690 | @aG423@v4 | |
| 701 | 0 | @a拉尔夫·泰勒著@ALa Er Fu·Tai Le Zhu |
| 702 | 0 | @a罗康@ALuo Kang@4译 |
| 702 | 0 | @a张阅@AZhang Yue@4译 |
| 801 | 0 | @aCN@b大连网信软件有限公司图书馆·11@c20211018 |
| 905 | @aZUCC@dG423@eL001 | |
| 课程与教学的基本原理= Basic principles of curriculum and instruction/(美) 拉尔夫·泰勒著 ; 罗康, 张阅译.-北京:中国轻工业出版社,2021.03 |
| 263页;20cm |
| ISBN 7-5019-9456-0:CNY42.00 |
| ● |
| 相关链接 |
|
|
|
正题名:课程与教学的基本原理= Basic principles o
索取号:G423/L001
 
预约/预借
| 序号 | 登录号 | 条形码 | 馆藏地/架位号 | 状态 | 备注 |
| 1 | 1505217 | 215052172 | 教务处资料室/ [索取号:G423/L001] | 在馆 | |
| 2 | 1505218 | 215052181 | 教务处资料室/ [索取号:G423/L001] | 在馆 | |
| 3 | 1505219 | 215052190 | 教务处资料室/ [索取号:G423/L001] | 在馆 | |
| 4 | 1505220 | 215052207 | 教务处资料室/ [索取号:G423/L001] | 在馆 | |
| 5 | 1505221 | 215052216 | 教务处资料室/ [索取号:G423/L001] | 在馆 | |
| 6 | 1505222 | 215052225 | 教务处资料室/ [索取号:G423/L001] | 在馆 | |
| 7 | 1505223 | 215052234 | 教务处资料室/ [索取号:G423/L001] | 在馆 | |
| 8 | 1505224 | 215052243 | 教务处资料室/ [索取号:G423/L001] | 在馆 | |
| 9 | 1505225 | 215052252 | 教务处资料室/ [索取号:G423/L001] | 在馆 | |
| 10 | 1505226 | 215052261 | 教务处资料室/ [索取号:G423/L001] | 在馆 |